[Event "TUR Cup										"]
[Site "Antalya"]
[Date "2018.01.27"]
[Round "1"]
[White "Elgin, Omur"]
[Black "Ozcan, Kadir Kutay"]
[Result "0-1"]
[WhiteElo "1310"]
[BlackElo "1829"]
[PlyCount "68"]
[EventDate "2018.01.27"]
[EventType "swiss"]
[EventRounds "11"]
[EventCountry "TUR"]
[SourceTitle "CBM 182 Extra"]
[Source "ChessBase"]
[SourceDate "2018.02.23"]
[SourceVersion "1"]
[SourceVersionDate "2018.02.23"]
[SourceQuality "1"]

1. d4 c6 2. c4 b5 3. g3 bxc4 4. Bg2 Nf6 5. Nf3 d5 6. 0-0 e6 7. Nc3 Bd6 8. Bg5 h6 9. Bxf6 Qxf6 10. e4 Qd8 11. Re1 0-0 12. exd5 cxd5 13. Nd2 Ba6 14. f4 Qb6 15. Nf3 Nc6 16. Na4 Qc7 17. a3 Rab8 18. Ne5 Bb5 19. Nxc6 Bxc6 20. Rb1 Rb3 21. Nc3 Rfb8 22. Qc2 Qb6 23. Qf2 Rxb2 24. Rxb2 Qxb2 25. Qxb2 Rxb2 26. f5 exf5 27. Nxd5 Rxg2+ 28. Kxg2 Bxd5+ 29. Kg1 Bxa3 30. Kf2 Bb2 31. Ke2 c3 32. Kf2 c2 33. g4 c1Q 34. Rxc1 Bxc1 0-1

[Event "TUR Cup"]
[Site "Antalya"]
[Date "2017.02.03"]
[Round "10"]
[White "Sen, Beril Berfin"]
[Black "Elgin, Omur"]
[Result "0-1"]
[WhiteElo "1596"]
[BlackElo "1250"]
[PlyCount "38"]
[EventDate "2017.01.28"]
[EventType "swiss"]
[EventRounds "11"]
[EventCountry "TUR"]
[SourceTitle "CBM 176 Extra"]
[Source "ChessBase"]
[SourceDate "2017.03.02"]
[SourceVersion "1"]
[SourceVersionDate "2017.03.02"]
[SourceQuality "1"]

1. d4 d6 2. c4 g6 3. Nc3 Bg7 4. e4 Nc6 5. Be3 e5 6. d5 Nd4 7. Nge2 Bg4 8. f3 Bxf3 9. Bxd4 exd4 10. Qa4+ Kf8 11. gxf3 Qh4+ 12. Kd2 dxc3+ 13. Nxc3 Qf4+ 14. Kc2 Bxc3 15. Kxc3 Qxf3+ 16. Bd3 Nf6 17. Rad1 Nxe4+ 18. Kc2 Nf2 19. Be4 Nxe4 0-1

[Event "TUR Cup"]
[Site "Antalya"]
[Date "2017.01.29"]
[Round "3"]
[White "Elgin, Omur"]
[Black "Callioglu, Yigit Sarp"]
[Result "0-1"]
[WhiteElo "1250"]
[BlackElo "1580"]
[PlyCount "49"]
[EventDate "2017.01.28"]
[EventType "swiss"]
[EventRounds "11"]
[EventCountry "TUR"]
[SourceTitle "CBM 176 Extra"]
[Source "ChessBase"]
[SourceDate "2017.03.02"]
[SourceVersion "1"]
[SourceVersionDate "2017.03.02"]
[SourceQuality "1"]

1. e4 c5 2. Nc3 Nc6 3. g3 g6 4. Bg2 Bg7 5. d3 d6 6. Be3 e5 7. Nh3 Nf6 8. 0-0 0-0 9. Qd2 Nd4 10. f4 Ng4 11. Nd1 Nxe3 12. Nxe3 Bxh3 13. Bxh3 exf4 14. Rxf4 Bh6 15. Rh4 Nf3+ 16. Kg2 Nxd2 17. Rxh6 Qg5 18. Nf5 gxf5 19. Rh4 h5 20. Bxf5 d5 21. Kh3 dxe4 22. dxe4 Rfe8 23. Rd1 Nxe4 24. Bxe4 Rxe4 25. Rxe4 0-1